00581nam a22002057a 450000500170000001000130001702000230003003500130005303700160006604000120008208200150009410000150010924500560012426000460018027000470022630000240027350000330029765000230033065000220035320170124110052.0 aA-933791 c295.00a8120311604 aA-933791 bCen Lib/Ret aDPLbEN a794.8bHAS aHaskin, D. acompelete idiots guide to PC games /cby Hasdkin D. aNew DelhibPrentice hall of India c1997 aM-97, Cannught circus b New Delhie110001 axix,343p.c22cm(Hb) aIncludes appendix and index  aFinancial anlysis  aFinancial system